000 00637nam a2200229Ia 4500
003 OSt
005 20220918213426.0
006 a|||||r|||| 00| 0
007 ta
008 220917b |||||||| |||| 00| 0 eng d
024 _a132,645
037 _cTextual
040 _aARTS
_cARTS
_beng
041 _2eng
_aeng
082 _aX6.3.L5, K7
100 _aDickson P G M
_9126920
245 0 _aFinancial revolutions in England
_b A study in the development of public credit 1688-1756
260 _aNA
_bNA
_c1967
650 _aECONOMICS
942 _hX6.3.L5, K7
_cTEXL
_2CC
999 _c255756
_d255756